[Event "SR 2. liga A 2016/2017"]
[Site "?"]
[Date "2017.10.29"]
[Round "2.1"]
[White "Sahidi, Samir"]
[Black "Kavon, Rastislav"]
[Result "0-1"]
[WhiteElo "2240"]
[BlackElo "2200"]
[PlyCount "136"]
[EventDate "2017.??.??"]
[WhiteTeam "SK Doprastav Bratislava A"]
[BlackTeam "Lokomotiva Trnava B"]

1. e4 e5 2. Nf3 Nc6 3. d4 exd4 4. Bc4 Nf6 5. e5 d5 6. Bb5 Ne4 7. O-O Be7 8.
Nxd4 Bd7 9. Bxc6 bxc6 10. Nc3 Nxc3 11. bxc3 a5 12. Be3 a4 13. Qf3 O-O 14. Nf5
Bxf5 15. Qxf5 Qc8 16. Qd3 Qe6 17. f4 Rfb8 18. Rae1 f5 19. Rb1 Rxb1 20. Rxb1 d4
21. cxd4 Qxa2 22. c3 g6 23. Bc1 a3 24. h3 Kg7 25. Kh2 Ra7 26. Bd2 Ra4 27. g4
Qe6 28. gxf5 Qxf5 29. Qxf5 gxf5 30. Kg3 Kf7 31. Kf3 Ke6 32. Ke2 Kd5 33. Kd3 c5
34. dxc5 Bxc5 35. Ra1 Bf8 36. Kc2 Kc4 37. Ra2 Ra6 38. Bc1 Bc5 39. Ra1 Ra8 40.
Ra2 Ra6 41. Ra1 Rh6 42. Bxa3 Rxh3 43. Bc1 Rxc3+ 44. Kd1 h5 45. Ke2 h4 46. Bd2
Rg3 47. Rc1+ Kd5 48. Be1 Re3+ 49. Kd2 Rf3 50. Ke2 Rxf4 51. e6 Re4+ 52. Kf3 Bd6
53. Kg2 Kxe6 54. Kh3 Be7 55. Bf2 Re2 56. Bg1 Bd6 57. Kxh4 Rg2 58. Re1+ Kd5 59.
Rd1+ Ke4 60. Ba7 f4 61. Rd4+ Kf5 62. Rd5+ Ke6 63. Rd3 Kf5 64. Rd5+ Be5 65. Kh3
f3 66. Rxe5+ Kxe5 67. Bb8 Rc2 68. Kg3 Ke4 0-1

[Event "SR 2. liga A 2016/2017"]
[Site "?"]
[Date "2017.10.29"]
[Round "2.1"]
[White "Puskar, Peter"]
[Black "Cech, Dominik"]
[Result "1/2-1/2"]
[WhiteElo "2188"]
[BlackElo "2114"]
[PlyCount "128"]
[EventDate "2017.??.??"]
[WhiteTeam "Lokomotiva Trnava B"]
[BlackTeam "SK Doprastav Bratislava A"]

1. d4 Nf6 2. c4 g6 3. Nc3 Bg7 4. e4 d6 5. Nf3 O-O 6. Be2 e5 7. Be3 Nbd7 8. O-O
Re8 9. d5 Nh5 10. Re1 a5 11. Nd2 Nf4 12. Bf1 Nc5 13. Qc2 Bd7 14. b3 h5 15. a3
h4 16. b4 axb4 17. axb4 Na6 18. Rab1 Nh5 19. h3 f5 20. f3 Bf6 21. c5 Bg5 22.
Bxg5 Qxg5 23. c6 Nf4 24. Kh1 bxc6 25. dxc6 Be6 26. Nc4 Nh5 27. Ne3 Ng3+ 28. Kh2
fxe4 29. Nxe4 Nxf1+ 30. Nxf1 Qf4+ 31. Kg1 d5 32. b5 dxe4 33. Rxe4 Qf7 34. bxa6
Bf5 35. Ne3 Bxe4 36. Qxe4 Rxa6 37. Ng4 Kg7 38. Nxe5 Qf6 39. f4 Rf8 40. Rb7 Ra1+
41. Kh2 Qxf4+ 42. Qxf4 Rxf4 43. Rxc7+ Kf6 44. Ng4+ Ke6 45. Rh7 g5 46. c7 Rc4
47. Rh6+ Ke7 48. Ne3 Rcc1 49. Nf5+ Kd7 50. Rh7+ Ke6 51. c8=Q+ Rxc8 52. Nd4+ Kd5
53. Rd7+ Ke4 54. Nb3 Ra2 55. Rd2 Ra3 56. Nd4 Rc5 57. Nf3 Ke3 58. Rd1 Ra2 59.
Rg1 Rf5 60. Kh1 Kf2 61. Nh2 Kg3 62. Nf1+ Rxf1 63. Rxf1 Rxg2 64. Rf3+ Kxf3
1/2-1/2

[Event "SR 2. liga A 2016/2017"]
[Site "?"]
[Date "2017.10.29"]
[Round "2.1"]
[White "Puchart, Vladimir"]
[Black "Polacik, Igor"]
[Result "1/2-1/2"]
[WhiteElo "2090"]
[BlackElo "2204"]
[PlyCount "23"]
[EventDate "2017.??.??"]
[WhiteTeam "Lokomotiva Trnava B"]
[BlackTeam "SK Doprastav Bratislava A"]

1. d4 Nf6 2. c4 e6 3. g3 Bb4+ 4. Bd2 Qe7 5. Bg2 O-O 6. Nf3 Nc6 7. O-O Bxd2 8.
Qxd2 d6 9. Nc3 e5 10. Nd5 Qd8 11. Rfd1 Re8 12. Rac1 1/2-1/2

[Event "SR 2. liga A 2016/2017"]
[Site "?"]
[Date "2017.10.29"]
[Round "2.1"]
[White "Petrik, Stanislav"]
[Black "Sturdik, Igor"]
[Result "1-0"]
[WhiteElo "2125"]
[BlackElo "1961"]
[PlyCount "77"]
[EventDate "2017.??.??"]
[WhiteTeam "SK Doprastav Bratislava A"]
[BlackTeam "Lokomotiva Trnava B"]

1. e4 Nf6 2. e5 Nd5 3. Bc4 Nb6 4. Bb3 c5 5. d3 d5 6. exd6 e6 7. Nc3 Bxd6 8. Qg4
g6 9. Bh6 Nc6 10. Nf3 f5 11. Qh3 Qf6 12. O-O-O Na5 13. Nb5 Nxb3+ 14. axb3 Bb8
15. Rhe1 Bd7 16. Nc3 Bc6 17. Bg5 Qf7 18. Qh4 Bxf3 19. gxf3 O-O 20. Re2 a6 21.
Rde1 Re8 22. Be3 Bd6 23. f4 e5 24. fxe5 Rxe5 25. Bf4 Rxe2 26. Rxe2 Bxf4+ 27.
Qxf4 Nd5 28. Qd6 Nxc3 29. bxc3 Qf8 30. Qd5+ Qf7 31. Qxc5 Re8 32. Rxe8+ Qxe8 33.
Kb2 Qb8 34. h4 Kg7 35. d4 Kf6 36. d5 f4 37. Qd4+ Kf5 38. f3 h6 39. Qe4+ 1-0

[Event "SR 2. liga A 2016/2017"]
[Site "?"]
[Date "2017.10.29"]
[Round "2.1"]
[White "Mosny, Jaroslav"]
[Black "Petrik, Karol"]
[Result "1/2-1/2"]
[WhiteElo "1902"]
[BlackElo "2067"]
[PlyCount "95"]
[EventDate "2017.??.??"]
[WhiteTeam "Lokomotiva Trnava B"]
[BlackTeam "SK Doprastav Bratislava A"]

1. d4 Nf6 2. Nf3 g6 3. g3 Bg7 4. Bg2 c5 5. O-O O-O 6. c3 cxd4 7. cxd4 d5 8. Nc3
Nc6 9. Bf4 Qb6 10. Na4 Qa5 11. a3 Ne4 12. Ne5 Nxe5 13. Bxe5 Bd7 14. Bxg7 Bxa4
15. b3 Kxg7 16. bxa4 Nd6 17. Qb3 e6 18. Qb4 Qc7 19. Rac1 Qd7 20. Rc2 Rfc8 21.
Rfc1 Rxc2 22. Rxc2 b6 23. h4 Rd8 24. e3 h6 25. Bf1 g5 26. hxg5 hxg5 27. Bb5 Qe7
28. Rc6 Kf6 29. Bd3 Nb7 30. Ba6 Rd7 31. Rc8 Na5 32. Qc3 Qd6 33. Bb5 Re7 34. Ba6
e5 35. dxe5+ Qxe5 36. Kf1 Qxc3 37. Rxc3 Ke5 38. Ke2 f5 39. f4+ gxf4 40. gxf4+
Kd6 41. Bc8 Rf7 42. Kd3 Nb7 43. Bxb7 Rxb7 44. Rc8 Rc7 45. Rxc7 Kxc7 46. Kc3 Kc6
47. Kb4 a5+ 48. Kb3 1/2-1/2

[Event "SR 2. liga A 2016/2017"]
[Site "?"]
[Date "2017.10.29"]
[Round "2.1"]
[White "Krajnak, Robert"]
[Black "Doucha, Ludvig"]
[Result "1/2-1/2"]
[WhiteElo "2031"]
[BlackElo "1893"]
[PlyCount "27"]
[EventDate "2017.??.??"]
[WhiteTeam "SK Doprastav Bratislava A"]
[BlackTeam "Lokomotiva Trnava B"]

1. c4 Nf6 2. Nf3 g6 3. g3 Bg7 4. Bg2 O-O 5. O-O d6 6. Nc3 e5 7. d3 Re8 8. Nd2
c6 9. Qb3 Na6 10. Nde4 Nxe4 11. Nxe4 h6 12. Bd2 f5 13. Nc3 Nc5 14. Qc2 1/2-1/2

[Event "SR 2. liga A 2016/2017"]
[Site "?"]
[Date "2017.10.29"]
[Round "2.2"]
[White "Gasa, Patrik"]
[Black "Lintner, Igor"]
[Result "1-0"]
[WhiteElo "2096"]
[BlackElo "2149"]
[PlyCount "107"]
[EventDate "2017.??.??"]
[WhiteTeam "SK Lowe Piestany"]
[BlackTeam "SK Doprastav Bratislava B"]

1. d4 e6 2. Bf4 f5 3. e3 Nf6 4. Nf3 d5 5. Bd3 Bd6 6. Bxd6 Qxd6 7. c4 c6 8. O-O
O-O 9. Nbd2 Ne4 10. c5 Qe7 11. Bxe4 fxe4 12. Ne5 Na6 13. f3 exf3 14. Rxf3 Bd7
15. Qb3 Rxf3 16. Ndxf3 Be8 17. Rf1 Rb8 18. a3 Nc7 19. Qc2 b6 20. b4 a5 21. h4
h6 22. Ng6 Bxg6 23. Qxg6 bxc5 24. Ne5 Rf8 25. Rxf8+ Qxf8 26. bxc5 Qf6 27. Qxf6
gxf6 28. Nxc6 a4 29. Na7 Kf7 30. Kf2 Kg6 31. Nc8 Nb5 32. c6 Kf7 33. Nb6 Ke7 34.
Nxa4 e5 35. Nb6 Kd6 36. a4 Nc3 37. Nc8+ Kxc6 38. Ne7+ Kd7 39. Nf5 Nxa4 40. Nxh6
Ke6 41. g4 Nc3 42. Nf5 Ne4+ 43. Ke2 Kf7 44. dxe5 fxe5 45. Kf3 Kf6 46. Ng3 Nc3
47. g5+ Ke6 48. h5 Nb5 49. h6 Kf7 50. Nf5 Kg6 51. Ne7+ Kh7 52. Nxd5 Nd6 53. Kg4
Kg6 54. Ne7+ 1-0

[Event "SR 2. liga A 2016/2017"]
[Site "?"]
[Date "2017.10.29"]
[Round "2.2"]
[White "Bednar, Jan"]
[Black "Abel, Peter"]
[Result "1/2-1/2"]
[WhiteElo "2049"]
[BlackElo "2207"]
[PlyCount "48"]
[EventDate "2017.??.??"]
[WhiteTeam "SK Doprastav Bratislava B"]
[BlackTeam "SK Lowe Piestany"]

1. e4 Nf6 2. e5 Nd5 3. d4 d6 4. c4 Nb6 5. exd6 exd6 6. Nc3 Bf5 7. Nge2 Be7 8.
Ng3 Bg6 9. Be3 O-O 10. Qd2 Re8 11. b3 Bg5 12. Be2 Bxe3 13. fxe3 d5 14. cxd5
Nxd5 15. Nxd5 Qxd5 16. O-O Qg5 17. Rf4 Nd7 18. Raf1 Nf6 19. h4 Qd5 20. Bf3 Be4
21. Rxf6 gxf6 22. Nxe4 Rxe4 23. Bxe4 Qxe4 24. Rxf6 Qxh4 1/2-1/2

[Event "SR 2. liga A 2016/2017"]
[Site "?"]
[Date "2017.10.29"]
[Round "2.2"]
[White "Nemsak, Denis"]
[Black "Macka, Oto"]
[Result "1/2-1/2"]
[WhiteElo "2039"]
[BlackElo "2014"]
[PlyCount "56"]
[EventDate "2017.??.??"]
[WhiteTeam "SK Lowe Piestany"]
[BlackTeam "SK Doprastav Bratislava B"]

1. c4 e5 2. Nc3 d6 3. g3 f5 4. Bg2 Nf6 5. d3 Be7 6. b4 a5 7. b5 O-O 8. Nf3 Nbd7
9. Na4 Re8 10. Qb3 Nf8 11. O-O h6 12. Ba3 Be6 13. Nd2 Rb8 14. Rac1 b6 15. Nc3
Bf7 16. Bc6 N8d7 17. e3 Nh7 18. Qc2 Bf6 19. Bg2 g6 20. Ne2 Re7 21. Rfe1 Qf8 22.
d4 Ng5 23. c5 bxc5 24. dxc5 Nxc5 25. Bxc5 dxc5 26. a4 e4 27. Nf4 Rd7 28. Nc4
Rbd8 1/2-1/2

[Event "SR 2. liga A 2016/2017"]
[Site "?"]
[Date "2017.10.29"]
[Round "2.2"]
[White "Sosovicka, Jakub"]
[Black "Bincik, Pavol"]
[Result "1/2-1/2"]
[WhiteElo "2001"]
[BlackElo "1952"]
[PlyCount "42"]
[EventDate "2017.??.??"]
[WhiteTeam "SK Doprastav Bratislava B"]
[BlackTeam "SK Lowe Piestany"]

1. e4 c6 2. d4 d5 3. Nc3 dxe4 4. Nxe4 Bf5 5. Ng3 Bg6 6. h4 h6 7. h5 Bh7 8. Nf3
Nd7 9. Bd3 Bxd3 10. Qxd3 Ngf6 11. Bf4 Qa5+ 12. Bd2 Qc7 13. O-O-O e6 14. Qe2
O-O-O 15. Ne5 Nb6 16. Ba5 c5 17. Rh4 Kb8 18. Kb1 Bd6 19. Bxb6 axb6 20. f4 Nd5
21. c4 Nb4 1/2-1/2

[Event "SR 2. liga A 2016/2017"]
[Site "?"]
[Date "2017.10.29"]
[Round "2.2"]
[White "Mihalik, Marek"]
[Black "Kosnac, Patrik"]
[Result "1-0"]
[WhiteElo "2016"]
[BlackElo "1924"]
[PlyCount "39"]
[EventDate "2017.??.??"]
[WhiteTeam "SK Lowe Piestany"]
[BlackTeam "SK Doprastav Bratislava B"]

1. d4 d5 2. c4 e6 3. Nc3 Nf6 4. Bg5 c6 5. e3 Nbd7 6. Qc2 a6 7. a3 dxc4 8. Bxc4
Qa5 9. Nf3 b5 10. Ba2 Nd5 11. O-O Bd6 12. Ne4 Qc7 13. Rac1 Bb7 14. Nxd6+ Qxd6
15. Rfe1 f6 16. Bh4 Kf7 17. e4 Nf4 18. Bg3 g5 19. e5 Qf8 20. exf6 1-0

[Event "SR 2. liga A 2016/2017"]
[Site "?"]
[Date "2017.10.29"]
[Round "2.2"]
[White "Gzib, David"]
[Black "Manak, Jozef"]
[Result "0-1"]
[WhiteElo "1889"]
[BlackElo "1968"]
[PlyCount "60"]
[EventDate "2017.??.??"]
[WhiteTeam "SK Doprastav Bratislava B"]
[BlackTeam "SK Lowe Piestany"]

1. e4 c5 2. Nf3 a6 3. c3 d5 4. e5 Nc6 5. d4 Bg4 6. Be2 e6 7. Nbd2 Nge7 8. h3
Bxf3 9. Nxf3 cxd4 10. cxd4 h5 11. Bd2 Nf5 12. Bc3 b5 13. a3 g6 14. Bd3 Be7 15.
O-O Qb6 16. Qd2 Kf8 17. Bc2 Kg7 18. g4 hxg4 19. hxg4 Nh4 20. Nxh4 Rxh4 21. Qf4
Rah8 22. Rad1 Qd8 23. Kg2 Rh3 24. Qc1 Bg5 25. Bd2 Bxd2 26. Qxd2 Qh4 27. Qf4 Kg8
28. Rd3 g5 29. Qd2 Qxg4+ 30. Rg3 Rh2+ 0-1

[Event "SR 2. liga A 2016/2017"]
[Site "?"]
[Date "2017.10.29"]
[Round "2.2"]
[White "Slaba, Andrea"]
[Black "Magyar, Frantisek"]
[Result "1/2-1/2"]
[WhiteElo "1836"]
[BlackElo "2041"]
[PlyCount "43"]
[EventDate "2017.??.??"]
[WhiteTeam "SK Lowe Piestany"]
[BlackTeam "SK Doprastav Bratislava B"]

1. d4 Nf6 2. Nf3 g6 3. c4 Bg7 4. g3 d6 5. Bg2 O-O 6. O-O Nc6 7. d5 Na5 8. Nfd2
c5 9. Nc3 Bd7 10. Qc2 a6 11. b3 Rb8 12. Bb2 b5 13. e4 Bh6 14. f4 Ng4 15. Nd1
Bg7 16. Bxg7 Kxg7 17. h3 Nh6 18. Ne3 f6 19. Qc3 Nf7 20. Nf3 Qc7 21. Rae1 Kg8
22. g4 1/2-1/2

[Event "SR 2. liga A 2016/2017"]
[Site "?"]
[Date "2017.10.29"]
[Round "2.2"]
[White "Goga, Frantisek"]
[Black "Mihalik, Anton"]
[Result "0-1"]
[WhiteElo "1964"]
[BlackElo "1929"]
[PlyCount "68"]
[EventDate "2017.??.??"]
[WhiteTeam "SK Doprastav Bratislava B"]
[BlackTeam "SK Lowe Piestany"]

1. e4 c5 2. Nf3 d6 3. d4 cxd4 4. Nxd4 Nf6 5. Nc3 a6 6. h3 e6 7. g4 Be7 8. Bg2
Qc7 9. O-O Nc6 10. Nde2 b5 11. Ng3 Bb7 12. a4 b4 13. Nce2 a5 14. Be3 Rd8 15. f4
d5 16. g5 dxe4 17. Qe1 Nd5 18. Bd4 Nxd4 19. Nxd4 Bc5 20. Rd1 Nxf4 21. Bxe4 Rxd4
22. Rxd4 Bxd4+ 23. Kh2 Ng6 24. Bxb7 Qxb7 25. Nf5 Be5+ 26. Qxe5 Nxe5 27. Nd6+
Ke7 28. Nxb7 Rc8 29. Rf2 Nc6 30. h4 Rc7 31. Nc5 Ne5 32. Na6 Rc6 33. Re2 Nf3+
34. Kg3 Nd4 0-1

[Event "SR 2. liga A 2016/2017"]
[Site "?"]
[Date "2017.10.29"]
[Round "2.3"]
[White "Farkas, Gabor"]
[Black "Kostolansky, Sebastian Lukas"]
[Result "1-0"]
[WhiteElo "2372"]
[BlackElo "2209"]
[PlyCount "57"]
[EventDate "2017.??.??"]
[WhiteTeam "SK Senec"]
[BlackTeam "SK Slovan Bratislava E"]

1. e4 e6 2. d4 d5 3. e5 c5 4. c3 Nc6 5. Nf3 Qb6 6. a3 a5 7. Bd3 cxd4 8. cxd4
Bd7 9. O-O Nxd4 10. Nxd4 Qxd4 11. Nc3 Qxe5 12. Re1 Qd6 13. Nb5 Bxb5 14. Bxb5+
Kd8 15. Qd4 Ne7 16. Bf4 Nf5 17. Qa4 Qc5 18. Rac1 Qd4 19. Bc7+ Ke7 20. Be5 Qxa4
21. Rc7+ Kd8 22. Bxa4 b6 23. Rd7+ Kc8 24. Rc1+ Bc5 25. Rxf7 Nh6 26. Rc7+ Kd8
27. Rxg7 Rf8 28. Bc7+ Kc8 29. Bxb6 1-0

[Event "SR 2. liga A 2016/2017"]
[Site "?"]
[Date "2017.10.29"]
[Round "2.3"]
[White "Jancovic, Peter"]
[Black "Balogh, Peter"]
[Result "0-1"]
[WhiteElo "2244"]
[BlackElo "2285"]
[PlyCount "160"]
[EventDate "2017.??.??"]
[WhiteTeam "SK Slovan Bratislava E"]
[BlackTeam "SK Senec"]

1. d4 Nf6 2. c4 g6 3. Nf3 Bg7 4. g3 O-O 5. Bg2 d6 6. O-O Nc6 7. Nc3 a6 8. h3
Rb8 9. Be3 b5 10. cxb5 axb5 11. Rc1 b4 12. Nb1 Na5 13. b3 c6 14. Bg5 h6 15.
Bxf6 Bxf6 16. Qc2 Qb6 17. Rfd1 Bd7 18. e4 Rfc8 19. Qd2 Bg7 20. Qe3 Rc7 21. Nbd2
Rbc8 22. e5 d5 23. Ne1 e6 24. Nd3 Nb7 25. Nc5 Nxc5 26. dxc5 Qa5 27. Rc2 Ra7 28.
f4 Qc7 29. Nf3 Rca8 30. Rdd2 Ra5 31. Qd4 Qa7 32. Qxb4 Bf8 33. Kh2 Bxc5 34. Qc3
Bf8 35. h4 Qb6 36. Qd3 Bc8 37. Nd4 c5 38. Ne2 Ba6 39. Qf3 Bxe2 40. Qxe2 Qb5 41.
Qf3 h5 42. Bf1 Qb4 43. Bd3 Bh6 44. Rg2 Ra3 45. Qe2 Rc8 46. Kh1 Kg7 47. Rf2 c4
48. Qf1 Qb7 49. Qc1 Raa8 50. Bf1 cxb3 51. axb3 Rxc2 52. Qxc2 Ra3 53. Rf3 Qb4
54. Kh2 Kg8 55. Bg2 Bf8 56. Qc3 Qb6 57. Rd3 Bb4 58. Qc1 Ra2 59. Qe3 Bc5 60. Qe1
Bb4 61. Qe3 Qc7 62. Kh3 Qc2 63. Qf3 Rb2 64. Kh2 Kg7 65. Kh3 Qb1 66. Qf1 Qa2 67.
Rf3 d4 68. Qg1 Bc3 69. Rd3 Qxb3 70. Rxd4 Bxd4 71. Qxd4 Qc2 72. Qg1 Qe2 73. Kh2
Rd2 74. Kh3 Rd3 75. Bb7 Qg4+ 76. Kh2 Rd2+ 77. Bg2 Qe2 78. Kh3 Rd1 79. Qc5 Rd3
80. Kh2 Qe1 0-1

[Event "SR 2. liga A 2016/2017"]
[Site "?"]
[Date "2017.10.29"]
[Round "2.3"]
[White "Koloditsova, Renata"]
[Black "Privara, Igor"]
[Result "0-1"]
[WhiteElo "2002"]
[BlackElo "2178"]
[PlyCount "70"]
[EventDate "2017.??.??"]
[WhiteTeam "SK Senec"]
[BlackTeam "SK Slovan Bratislava E"]

1. d4 Nf6 2. Bf4 e6 3. e3 c5 4. c3 Nc6 5. Nd2 d5 6. Ngf3 Bd6 7. Bg3 Bxg3 8.
hxg3 Qd6 9. Bb5 O-O 10. Qc2 h6 11. O-O Bd7 12. Rad1 Nxd4 13. cxd4 Bxb5 14. dxc5
Rac8 15. Rc1 Qa6 16. Rfe1 b6 17. Nb3 Ne4 18. Ne5 Nxc5 19. Qd1 Nd7 20. Nxd7 Bxd7
21. e4 Qxa2 22. Rxc8 Rxc8 23. Re2 Ba4 24. Re3 d4 25. Rd3 Qxb2 26. Qf3 Bxb3 27.
Rxb3 Rc1+ 28. Kh2 Qa1 29. g4 Rc3 30. Rxc3 Qxc3 31. Qf4 d3 32. Qb8+ Kh7 33. Qxa7
Qe5+ 34. g3 Qxe4 35. g5 d2 0-1

[Event "SR 2. liga A 2016/2017"]
[Site "?"]
[Date "2017.10.29"]
[Round "2.3"]
[White "Turna, Stefan"]
[Black "Gruca, Miroslav"]
[Result "1/2-1/2"]
[WhiteElo "2180"]
[BlackElo "2190"]
[PlyCount "56"]
[EventDate "2017.??.??"]
[WhiteTeam "SK Slovan Bratislava E"]
[BlackTeam "SK Senec"]

1. d4 Nf6 2. c4 g6 3. Nc3 d5 4. cxd5 Nxd5 5. e4 Nxc3 6. bxc3 Bg7 7. Nf3 O-O 8.
Rb1 c5 9. Be2 Nc6 10. d5 Ne5 11. Nxe5 Bxe5 12. Qd2 e6 13. c4 Qc7 14. f4 Bd4 15.
Bb2 e5 16. Bxd4 cxd4 17. f5 f6 18. fxg6 hxg6 19. O-O b6 20. Rb3 Qh7 21. Qb4 Qh4
22. Rg3 Kg7 23. c5 bxc5 24. Qxc5 Rf7 25. Qc6 Bb7 26. Qe6 Bc8 27. Qc6 Bb7 28.
Qe6 Bc8 1/2-1/2

[Event "SR 2. liga A 2016/2017"]
[Site "?"]
[Date "2017.10.29"]
[Round "2.3"]
[White "Slacky, Stanislav"]
[Black "Nestorenko, Dmitry"]
[Result "0-1"]
[WhiteElo "2135"]
[BlackElo "2165"]
[PlyCount "104"]
[EventDate "2017.??.??"]
[WhiteTeam "SK Senec"]
[BlackTeam "SK Slovan Bratislava E"]

1. d4 f5 2. Nf3 Nf6 3. g3 e6 4. Bg2 d5 5. O-O Bd6 6. b3 Qe7 7. c4 c6 8. a4 b6
9. a5 Bb7 10. Qc2 Na6 11. Ba3 O-O 12. Bxd6 Qxd6 13. Nc3 Rac8 14. Rfd1 Nb4 15.
Qd2 Ne4 16. Nxe4 fxe4 17. Ne5 c5 18. e3 cxd4 19. exd4 Nc6 20. Nxc6 Rxc6 21.
axb6 axb6 22. Ra7 Rc7 23. Qe3 Rcf7 24. Rf1 Qb8 25. Ra2 Qc8 26. Rc1 Rc7 27. Rac2
Qd7 28. c5 bxc5 29. Rxc5 Rxc5 30. Rxc5 Ba6 31. Rc2 Bd3 32. Rc3 e5 33. f4 exf4
34. gxf4 h6 35. Bh3 Qd6 36. Rc8 Rxc8 37. Bxc8 Qc6 38. Bg4 Qd6 39. Qg3 Qb6 40.
Qe3 Qxb3 41. Kf2 Qb6 42. Bh3 Qf6 43. Kg3 Bc4 44. Kf2 Kf7 45. Bg4 Qb6 46. Kg3
Qb2 47. Bh3 Ke7 48. Kh4 Qxh2 49. Qa3+ Kf7 50. Qa7+ Kg6 51. Qb6+ Kh7 52. Qc7 Bf1
0-1

[Event "SR 2. liga A 2016/2017"]
[Site "?"]
[Date "2017.10.29"]
[Round "2.3"]
[White "Hacik, Radomir"]
[Black "Micek, Jaroslav"]
[Result "1/2-1/2"]
[WhiteElo "2144"]
[BlackElo "2050"]
[PlyCount "33"]
[EventDate "2017.??.??"]
[WhiteTeam "SK Slovan Bratislava E"]
[BlackTeam "SK Senec"]

1. e4 d6 2. d4 Nf6 3. Nc3 c6 4. Nf3 Bg4 5. Be2 e6 6. h3 Bh5 7. O-O Be7 8. Be3
d5 9. Nd2 Bg6 10. e5 Nfd7 11. Bd3 c5 12. f4 cxd4 13. Bxd4 Nc6 14. Bf2 O-O 15.
Nf3 Nb6 16. Kh1 Rc8 17. Nb5 1/2-1/2

[Event "SR 2. liga A 2016/2017"]
[Site "?"]
[Date "2017.10.29"]
[Round "2.3"]
[White "Pusec, Pavel"]
[Black "Zetocha, Adrian"]
[Result "1/2-1/2"]
[WhiteElo "1966"]
[BlackElo "1989"]
[PlyCount "31"]
[EventDate "2017.??.??"]
[WhiteTeam "SK Senec"]
[BlackTeam "SK Slovan Bratislava E"]

1. c4 e6 2. d4 d5 3. Nc3 Be7 4. Bf4 c6 5. e3 Nf6 6. Nf3 O-O 7. h3 dxc4 8. Bxc4
Nd5 9. Nxd5 cxd5 10. Bd3 Qa5+ 11. Nd2 Bd7 12. O-O Bb5 13. Qe2 Bxd3 14. Qxd3 Na6
15. a3 Rfc8 16. Rfc1 1/2-1/2

[Event "SR 2. liga A 2016/2017"]
[Site "?"]
[Date "2017.10.29"]
[Round "2.3"]
[White "Cambel, Vladimir"]
[Black "Ujhelyi, Matus"]
[Result "1-0"]
[WhiteElo "2027"]
[BlackElo "1878"]
[PlyCount "63"]
[EventDate "2017.??.??"]
[WhiteTeam "SK Slovan Bratislava E"]
[BlackTeam "SK Senec"]

1. d4 Nf6 2. Bf4 g6 3. Nc3 Bg7 4. e4 d6 5. Qd2 c6 6. Nf3 O-O 7. h4 b5 8. a3 Re8
9. h5 Nxh5 10. Bh6 f6 11. Bxg7 Kxg7 12. Rh4 e5 13. O-O-O Qe7 14. Be2 Nf4 15.
Rdh1 Rh8 16. g3 Nxe2+ 17. Qxe2 g5 18. Rh6 Bg4 19. d5 c5 20. Nxb5 a6 21. Nc3 Nd7
22. Qe3 Nb6 23. Nd2 Bd7 24. f4 Rae8 25. fxg5 f5 26. exf5 Bxf5 27. Rf6 Ref8 28.
Rf1 Bg6 29. Nde4 Rd8 30. g4 Qb7 31. Qh3 h5 32. Rxg6+ 1-0

[Event "SR 2. liga A 2016/2017"]
[Site "?"]
[Date "2017.10.29"]
[Round "2.4"]
[White "Takacs, Laszlo"]
[Black "Ruckschloss, Karol"]
[Result "1/2-1/2"]
[WhiteElo "2240"]
[BlackElo "2246"]
[PlyCount "30"]
[EventDate "2017.??.??"]
[WhiteTeam "DSC Potonska veza"]
[BlackTeam "SK Slovan Bratislava D"]

1. e4 d6 2. d4 e5 3. dxe5 dxe5 4. Qxd8+ Kxd8 5. Bc4 Ke8 6. Nf3 Bd6 7. Ng5 Nh6
8. Nc3 c6 9. Be3 Ke7 10. h3 f6 11. Nf3 Nf7 12. O-O-O Be6 13. Bxe6 Kxe6 14. Nd2
Nd7 15. Nb3 b6 1/2-1/2

[Event "SR 2. liga A 2016/2017"]
[Site "?"]
[Date "2017.10.29"]
[Round "2.4"]
[White "Janos, Martin"]
[Black "Marosi, Csaba"]
[Result "1-0"]
[WhiteElo "2207"]
[BlackElo "2010"]
[PlyCount "141"]
[EventDate "2017.??.??"]
[WhiteTeam "SK Slovan Bratislava D"]
[BlackTeam "DSC Potonska veza"]

1. e4 c5 2. d4 cxd4 3. Nf3 e6 4. Nxd4 Qb6 5. Nb3 Qc7 6. Be3 Nf6 7. Bd3 a6 8. c4
d6 9. Nc3 Nbd7 10. Rc1 b6 11. O-O Bb7 12. f4 Be7 13. Qf3 g6 14. Nd4 O-O 15. b4
Rfe8 16. Qh3 Bf8 17. f5 exf5 18. Nxf5 Nxe4 19. Nh6+ Bxh6 20. Qxh6 f5 21. Bd4
Ne5 22. Bxe4 Bxe4 23. Nxe4 fxe4 24. Qe3 Nxc4 25. Qg5 Re5 26. Bxe5 dxe5 27. h4
b5 28. h5 Qb6+ 29. Kh1 Qe3 30. Qg4 Qh6 31. Qxe4 Qxh5+ 32. Kg1 Rd8 33. Qb7 Qg5
34. Rc3 Ne3 35. Re1 Nc4 36. Rf3 Qh4 37. Ref1 Qd4+ 38. Kh1 Nd6 39. Qe7 Nf5 40.
Rxf5 gxf5 41. Rxf5 e4 42. Re5 h6 43. Qe6+ Kg7 44. Rxe4 Qd1+ 45. Re1 Qd6 46.
Qg4+ Kh7 47. Qf5+ Kg7 48. Re6 Qf8 49. Qg6+ Kh8 50. Qxh6+ Qxh6+ 51. Rxh6+ Kg7
52. Rxa6 Rd4 53. a3 Rd3 54. Kh2 Kf7 55. g3 Kg7 56. Kh3 Rd4 57. g4 Re4 58. Kh4
Re5 59. Rc6 Re3 60. Kg5 Rxa3 61. Rc7+ Kg8 62. Rb7 Ra6 63. Rxb5 Rc6 64. Rc5 Rb6
65. b5 Kg7 66. Kf5 Kf7 67. g5 Ke7 68. g6 Kf8 69. Kg5 Kg7 70. Rc7+ Kf8 71. Kh6
1-0

[Event "SR 2. liga A 2016/2017"]
[Site "?"]
[Date "2017.10.29"]
[Round "2.4"]
[White "Fabry, Robert"]
[Black "Veselsky, Jozef"]
[Result "1/2-1/2"]
[WhiteElo "2103"]
[BlackElo "2125"]
[PlyCount "23"]
[EventDate "2017.??.??"]
[WhiteTeam "SK Slovan Bratislava D"]
[BlackTeam "DSC Potonska veza"]

1. Nf3 d5 2. b3 Nf6 3. Bb2 g6 4. e3 Bg7 5. Be2 O-O 6. O-O c5 7. c4 dxc4 8. bxc4
Nc6 9. d4 cxd4 10. exd4 Bf5 11. Qb3 Ne4 12. Rd1 1/2-1/2

[Event "SR 2. liga A 2016/2017"]
[Site "?"]
[Date "2017.10.29"]
[Round "2.4"]
[White "Csuri, Szilveszter"]
[Black "Tepper, Frantisek"]
[Result "1-0"]
[WhiteElo "1956"]
[BlackElo "2101"]
[PlyCount "113"]
[EventDate "2017.??.??"]
[WhiteTeam "DSC Potonska veza"]
[BlackTeam "SK Slovan Bratislava D"]

1. e4 Nc6 2. d4 e5 3. d5 Nce7 4. Nf3 Ng6 5. Be3 Nf6 6. Bd3 Ng4 7. Bd2 Bc5 8.
O-O O-O 9. h3 Nf6 10. b4 Bb6 11. c4 d6 12. Nc3 a6 13. Ne2 Nh5 14. Qc2 h6 15. c5
Ba7 16. Kh2 Qf6 17. Nfg1 Nhf4 18. Rac1 Nxd3 19. Qxd3 Bd7 20. Qg3 Rfc8 21. f4
exf4 22. Nxf4 Ne5 23. Nd3 Qg6 24. Nxe5 Qxg3+ 25. Kxg3 dxe5 26. Nf3 f6 27. Rc3
c6 28. d6 Re8 29. Nh4 Be6 30. a3 Bd7 31. Be3 Reb8 32. Rb1 b6 33. Rcb3 Rb7 34.
Ng6 Rab8 35. Ne7+ Kf7 36. Rc3 Ke6 37. Rbc1 bxc5 38. bxc5 Rb3 39. Kf3 Rxc3 40.
Rxc3 Rb5 41. Nf5 Kf7 42. Ng3 Ke6 43. h4 Kf7 44. Ne2 h5 45. Nc1 g6 46. Rb3 Be6
47. Rxb5 axb5 48. Nd3 Ke8 49. Ke2 Kd7 50. Kd2 Kc8 51. Kc3 Kb7 52. Kb4 Bc4 53.
Nf2 Be6 54. Bh6 f5 55. Bg7 Kc8 56. exf5 gxf5 57. Bxe5 1-0

[Event "SR 2. liga A 2016/2017"]
[Site "?"]
[Date "2017.10.29"]
[Round "2.4"]
[White "Mikulas, Dusan"]
[Black "Kalmar, Tamas"]
[Result "0-1"]
[WhiteElo "2052"]
[BlackElo "2083"]
[PlyCount "88"]
[EventDate "2017.??.??"]
[WhiteTeam "SK Slovan Bratislava D"]
[BlackTeam "DSC Potonska veza"]

1. e4 c6 2. d4 d5 3. Nc3 dxe4 4. Nxe4 Bf5 5. Ng3 Bg6 6. Nf3 Nd7 7. h4 h6 8. h5
Bh7 9. Bd3 Bxd3 10. Qxd3 e6 11. Bd2 Qc7 12. O-O-O O-O-O 13. Qe2 Ngf6 14. Ne5
Nb6 15. Ba5 Rd5 16. Bxb6 axb6 17. c4 Rd8 18. Rd3 Bd6 19. f4 c5 20. Rhd1 Rhe8
21. Kb1 Rf8 22. Qc2 cxd4 23. Qe2 Bxe5 24. fxe5 Nd7 25. Rxd4 Nxe5 26. Ne4 Rxd4
27. Rxd4 Rd8 28. Nd6+ Rxd6 29. Qxe5 Rxd4 30. Qxd4 Qd7 31. Qg4 e5 32. Qe2 f5 33.
Kc2 Qd4 34. Kb3 e4 35. g3 Kd7 36. Qf1 Ke6 37. Qf4 Qd1+ 38. Kc3 Qd3+ 39. Kb4
Qd6+ 40. Kc3 Qxf4 41. gxf4 g6 42. hxg6 h5 43. b4 h4 44. g7 Kf7 0-1